Program : International Exposition and demostration of road, construction and maintenance, equipment and materials International Exposition and demostration of road, construction and maintenance, equipment and materials
Descripción Física:
8 p. ; 27 cm
Otros Autores:
The American Road Builders' Association
MARC
| LEADER | 00000nam a2200000Ia 4500 | ||
|---|---|---|---|
| 001 | 24428 | ||
| 008 | 160829s9999 xx 000 0 cat d | ||
| 080 | |a FU-66-12 | ||
| 245 | |a Program : |b International Exposition and demostration of road, construction and maintenance, equipment and materials | ||
| 260 | |a Washington, D. C. : |b The American Road Builders' Association, [1930] | ||
| 300 | |a 8 p. ; |c 27 cm | ||
| 590 | |a Text en anglès, francès, castellà i alemany. | ||
| 590 | |a Inclou el programa d'exposició i la llista d'expositors (sòls en anglès) | ||
| 650 | |a Carreteres |x Disseny i construcció |x Estats Units |x Congressos |9 50312 | ||
| 700 | |a The American Road Builders' Association |9 50313 | ||
| 901 | |a Arxiu | ||
| 942 | |n 1 | ||
| 952 | |0 0 |1 0 |4 0 |6 FU6612 |7 1 |9 55949 |a Arxiu |b Arxiu |d 2016-12-01 |l 0 |o FU-66-12 |p 24428 |r 2016-12-01 00:00:00 |w 2016-12-01 |y ARXIU | ||
| 999 | |c 59822 |d 59822 | ||